000 00499nam a2200193Ia 4500
005 20240823024927.0
008 240823s9999||||xx |||||||||||||| ||und||
020 _a81-314-0701-2
041 _aENGLISH
082 _A715 P7
100 _aSridhar Krishna Ed.
245 0 _aEcofriendly Business Approaches and Experiences
250 _a1st
260 _c2007
_bICFA I Unive
_aHyderabad
500 _aYES
650 _aEcofriendly Business
_bManagement Studies
942 _cBK
999 _c185083
_d185083